00688nam a22001697a 450000500170000002000220001703500230003903700130006210000180007524500670009326000440016030000190020494200260022399900170024995201200026695201320038620180823153032.0 a812031607xc75.00 aA-999333, A-999335 aDPLbENG aHabraken, Joe a10 minute guide to microsoft publisher 2000 /cby Joe Habraken aNew DelhibPrentice-Hall of Indiac1999 a212p.c18 cms. 2ddccENh005.369mHAB c62170d62170 001040708NFICaZLSbZLSd2012-02-07g75.00l0o005.369 HABpA-999333r2012-02-07 00:00:00v75.00w2012-02-07yEN 001040708NFICaBL4bBL4d2018-08-23eBPPD/PUBg577.00l0o005.369 HABpA-999335r2018-08-23 00:00:00v577.00w2018-08-23yEN